000 00423cam a22001455a 4500
001 J100995
008 000000s1933 xxk 000 0 eng u
035 _a(Sirsi) u100995
110 _aChartered Surveyors' Institution
_92274
245 _aDilapidations: from the standpoint of the surveyor and estate agent. November 1933.
260 _c1933
651 4 _aUnited Kingdom
_y
690 _aDilapidations
_96235
942 _n0
999 _c99971
_d99971